| 000 | 00437cam a22001337a 4500 | ||
|---|---|---|---|
| 008 | 180718b1973 xxu||||| |||| 00| 0 eng d | ||
| 082 | _aT31 Sch98 | ||
| 100 | _aSchwendiman, J.S. | ||
| 245 |
_aStrategic and long-rang planning for the multinational corporations _cby J. S. Schwendiman |
||
| 260 |
_aNew York _bPraeger _c1973 |
||
| 300 | _a150p. | ||
| 650 | _aInternational business enterprises | ||
| 650 | _aCorporations, Foreign - Planning | ||
| 999 |
_c354009 _d354009 |
||